<?xml version="1.0" encoding="UTF-8"?>
<record
    xmlns:xsi="http://www.w3.org/2001/XMLSchema-instance"
    xsi:schemaLocation="http://www.loc.gov/MARC21/slim http://www.loc.gov/standards/marcxml/schema/MARC21slim.xsd"
    xmlns="http://www.loc.gov/MARC21/slim">

  <leader>00879cam a22002531  4500</leader>
  <controlfield tag="001">ne 67002023 </controlfield>
  <controlfield tag="003">DLC</controlfield>
  <controlfield tag="005">20260227111835.0</controlfield>
  <controlfield tag="008">900711m19651969ua            000 0 arar </controlfield>
  <datafield tag="010" ind1=" " ind2=" ">
    <subfield code="a">ne 67002023 </subfield>
  </datafield>
  <datafield tag="025" ind1=" " ind2=" ">
    <subfield code="a">PL480:UAR-7078</subfield>
  </datafield>
  <datafield tag="035" ind1=" " ind2=" ">
    <subfield code="a">(OCoLC)21989323</subfield>
  </datafield>
  <datafield tag="040" ind1=" " ind2=" ">
    <subfield code="a">DLC</subfield>
    <subfield code="c">WaU</subfield>
    <subfield code="d">WaU</subfield>
    <subfield code="d">DLC</subfield>
  </datafield>
  <datafield tag="042" ind1=" " ind2=" ">
    <subfield code="a">premarc</subfield>
  </datafield>
  <datafield tag="050" ind1="0" ind2="0">
    <subfield code="a">BP75.5</subfield>
    <subfield code="b">.K3</subfield>
  </datafield>
  <datafield tag="100" ind1="2" ind2=" ">
    <subfield code="a">K&#x101;ndihlaw&#x12B; al-Dihlaw&#x12B;, Mu&#x1E25;ammad Y&#x16B;suf ibn Mu&#x1E25;ammad Ily&#x101;s,</subfield>
    <subfield code="d">1917-1965.</subfield>
  </datafield>
  <datafield tag="245" ind1="1" ind2="0">
    <subfield code="a">&#x1E24;ay&#x101;t al-&#x1E63;a&#x1E25;&#x101;bah,</subfield>
    <subfield code="c">ta&#x2BC;l&#x12B;f Mu&#x1E25;ammad Y&#x16B;suf Najl Mu&#x1E25;ammad Ily&#x101;s al-K&#x101;ndh&#x301;ilaw&#x12B;.</subfield>
  </datafield>
  <datafield tag="250" ind1=" " ind2=" ">
    <subfield code="a">al-&#x1E6C;ab&#x2BB;ah 2</subfield>
  </datafield>
  <datafield tag="260" ind1=" " ind2=" ">
    <subfield code="a">[al-Q&#x101;hirah,</subfield>
    <subfield code="b">Maktabat D&#x101;r al-&#x2BB;Ur&#x16B;bah,</subfield>
    <subfield code="c">1965-69]</subfield>
  </datafield>
  <datafield tag="300" ind1=" " ind2=" ">
    <subfield code="a">3 v.</subfield>
    <subfield code="c">24 cm.</subfield>
  </datafield>
  <datafield tag="500" ind1=" " ind2=" ">
    <subfield code="a">Vol. 2-3 have imprint: al-Q&#x101;hirah, D&#x101;r al-Na&#x1E63;r lil-&#x1E6C;ib&#x101;&#x2BB;ah.</subfield>
  </datafield>
  <datafield tag="600" ind1="0" ind2="0">
    <subfield code="a">Mu&#x1E25;ammad,</subfield>
    <subfield code="c">Prophet,</subfield>
    <subfield code="d">-632</subfield>
    <subfield code="x">Companions.</subfield>
  </datafield>
  <datafield tag="600" ind1="0" ind2="0">
    <subfield code="a">Mu&#x1E25;ammad,</subfield>
    <subfield code="c">Prophet,</subfield>
    <subfield code="d">-632.</subfield>
  </datafield>
  <datafield tag="999" ind1=" " ind2=" ">
    <subfield code="c">49890</subfield>
    <subfield code="d">49890</subfield>
  </datafield>
</record>
